00237nam a2200109Ia 4500008004100000020001800041082001400059100001700073245001900090260000900109500000900118260604s9999 xx 000 0 und d a9780552779739 a823.92ZUS aMarkus zusak 0aThe Book Thief bRHUK aBook